[Event "Hessenliga 9900"]
[Site "Hessen"]
[Date "2000.02.27"]
[Round "7.4"]
[White "Heiling, Thomas"]
[Black "Reus, Rudolf"]
[Result "1-0"]
[WhiteElo "2215"]
[BlackElo "2239"]
[PlyCount "69"]
[EventDate "1999.09.26"]
[EventType "team-tourn"]
[EventRounds "11"]
[EventCountry "GER"]
[SourceTitle "EXT 2002"]
[Source "ChessBase"]
[SourceDate "2001.11.25"]
[SourceVersion "1"]
[SourceVersionDate "2001.11.25"]
[SourceQuality "1"]

1. d4 Nf6 2. c4 e6 3. Nf3 c5 4. Nc3 cxd4 5. Nxd4 Nc6 6. Ndb5 d6 7. Bf4 Ne5 8. c5 Bd7 9. Nxd6+ Bxd6 10. Qxd6 Ng6 11. Bg3 Qa5 12. Qd4 0-0 13. b4 Qa3 14. Rb1 e5 15. Qd2 Be6 16. Qb2 Qxb2 17. Rxb2 a5 18. b5 a4 19. f3 Nd5 20. Nxd5 Bxd5 21. e4 a3 22. Rd2 Bb3 23. Bd3 Rfd8 24. Ke2 Ba4 25. Rc1 Rd4 26. Rc4 Rad8 27. Rxd4 Rxd4 28. Ke3 Rb4 29. b6 f6 30. Bc2 Bxc2 31. Rxc2 Ne7 32. Be1 Ra4 33. c6 Ra6 34. Ba5 Kf8 35. cxb7 1-0

[Event "Hessenliga 9900"]
[Site "Hessen"]
[Date "1999.11.07"]
[Round "3.3"]
[White "Kopp, Peter"]
[Black "Heiling, Thomas"]
[Result "1/2-1/2"]
[WhiteElo "2140"]
[BlackElo "2215"]
[PlyCount "140"]
[EventDate "1999.09.26"]
[EventType "team-tourn"]
[EventRounds "11"]
[EventCountry "GER"]
[SourceTitle "EXT 2002"]
[Source "ChessBase"]
[SourceDate "2001.11.25"]
[SourceVersion "1"]
[SourceVersionDate "2001.11.25"]
[SourceQuality "1"]

1. e4 e6 2. d3 d5 3. Nd2 c5 4. Ngf3 Nc6 5. g3 Bd6 6. Bg2 Nge7 7. 0-0 0-0 8. Re1 Qc7 9. c3 d4 10. Nc4 e5 11. cxd4 cxd4 12. Nxd6 Qxd6 13. Bd2 a5 14. Ng5 h6 15. Nh3 f5 16. exf5 Bxf5 17. f4 Qd7 18. Nf2 exf4 19. Bxf4 Ng6 20. Bd2 Nge5 21. Bxc6 Nxc6 22. g4 Be6 23. g5 hxg5 24. Ne4 Bg4 25. Qb3+ Kh8 26. Ng3 Rae8 27. Qb5 Bf3 28. Rxe8 Rxe8 29. Qxg5 Ne5 30. Rf1 Bg4 31. Qf4 Nxd3 32. Qf7 Qxf7 33. Rxf7 Ne5 34. Rf4 g5 35. Rf2 Nf3+ 36. Kg2 Nxd2 37. Rxd2 Rd8 38. Ne4 Rd5 39. Nf6 Bf3+ 40. Kxf3 Rf5+ 41. Kg4 Rxf6 42. Kxg5 Rf1 43. Rxd4 Rf2 44. Rd8+ Kg7 45. Rd7+ Kf8 46. Rxb7 Rxh2 47. Kf6 Ke8 48. Ke6 Kd8 49. Kd6 Kc8 50. Rb5 a4 51. a3 Rh6+ 52. Kc5 Kc7 53. Kb4 Ra6 54. Ra5 Rb6+ 55. Kc3 Rc6+ 56. Kd2 Rd6+ 57. Kc2 Rc6+ 58. Kb1 Rc4 59. Rb5 Kc6 60. Rb8 Rh4 61. Ka2 Kc5 62. Rb7 Rg4 63. Kb1 Rh4 64. Kc2 Rg4 65. Kd3 Rh4 66. Rc7+ Kb5 67. Re7 Rh3+ 68. Kd4 Rh4+ 69. Kd5 Rh5+ 70. Kd6 Rh6+ 1/2-1/2

[Event "Leverkusen Bayer op 2nd"]
[Site "Leverkusen"]
[Date "1997.10.02"]
[Round "1"]
[White "Heiling, Thomas"]
[Black "Simkin, Michail"]
[Result "1/2-1/2"]
[WhiteElo "2205"]
[BlackElo "1785"]
[PlyCount "56"]
[EventDate "1997.10.??"]
[EventType "swiss"]
[EventRounds "7"]
[EventCountry "GER"]
[SourceTitle "CBM 060 Extra"]
[Source "ChessBase"]
[SourceDate "1997.11.04"]
[SourceVersion "1"]
[SourceVersionDate "1997.11.04"]
[SourceQuality "1"]

1. d4 Nf6 2. c4 g6 3. Nc3 d5 4. Nf3 Bg7 5. Qb3 dxc4 6. Qxc4 c6 7. e4 0-0 8. Qb3 b6 9. Bg5 Be6 10. Bc4 Bxc4 11. Qxc4 b5 12. Qb3 a5 13. e5 a4 14. Qa3 Na6 15. exf6 exf6 16. Be3 b4 17. Qxa4 bxc3 18. bxc3 Nc7 19. Qc2 Ra3 20. 0-0 Qa8 21. c4 Re8 22. Rfd1 Ne6 23. Rab1 Bf8 24. Bc1 Ra5 25. Bd2 Ra3 26. Bc3 Nc7 27. Rd2 Ra4 28. Ba1 Qa6 1/2-1/2